Manufactura y cambio estructural (Registro nro. 3913)

Detalles MARC
000 -LEADER
fixed length control field 01821 a2200253 4500
001 - CONTROL NUMBER
control field 45149
005 - DATE AND TIME OF LATEST TRANSACTION
control field 20260407155726.0
008 - FIXED-LENGTH DATA ELEMENTS--GENERAL INFORMATION
fixed length control field 260407a2017 arg spa d
003 - CONTROL NUMBER IDENTIFIER
control field AR-UNSa-BCEJYS
040 ## - CATALOGING SOURCE
Original cataloging agency AR-UNSa-BCEJYS
Language of cataloging spa
Transcribing agency AR-UNSa-BCEJYS
080 ## - UNIVERSAL DECIMAL CLASSIFICATION NUMBER
Universal Decimal Classification number 338.45
Common auxiliary subdivision Industria como sector económico. Producción comercial, industrial
020 ## - INTERNATIONAL STANDARD BOOK NUMBER
International Standard Book Number 978-92-1-121967-8
041 ## - LANGUAGE CODE
Language code of text/sound track or separate title spa
100 1# - MAIN ENTRY--PERSONAL NAME
Personal name Abeles, Martín
245 10 - TITLE STATEMENT
Title Manufactura y cambio estructural
Name of part/section of a work aportes para pensar la política industrial en la Argentina
264 #1 - PRODUCTION, PUBLICATION, DISTRIBUTION, MANUFACTURE, AND COPYRIGHT NOTICE
Place of production, publication, distribution, manufacture Santiago de Chile :
Name of producer, publisher, distributor, manufacturer CEPAL (Comisión Económica para América Latina y el Caribe)
Date of production, publication, distribution, manufacture, or copyright notice 2017
300 ## - PHYSICAL DESCRIPTION
Extent 330 p.
Dimensions 22 cm.
505 ## - FORMATTED CONTENTS NOTE
Formatted contents note 1. ¿De qué hablamos cuando hablamos de cambio estructural? / Florencia Barletta y Gabriel Yoguel – 2. ¿De qué hablamos cuando hablamos de política industrial? / Pablo Lavarello – 3. La industria manufacturera argentina y su encrucijada / Martín Abeles y Anahí amar – 4. La política industrial en la Argentina durante la década de 2000 / Pablo Lavarello, Marianella Sarabia – 5. El complejo productivo de bienes de capital: entre el carácter estratégico, la expansión y los límites estructurales / Fernando Peirano, Carolina Carregal, M. Alejandro Peirano – 6. El sector biofarmacéutico: desafíos de política para una industria basada en la ciencia / Graciela E. Gutman y Pablo Lavarello – 7. La industria del software: la generación de capacidades tecnológicas y el desafío de elevar la productividad sistémica / Jorge Motta, Hernán Moreno y Carina Borrastero - <br/><br/>
590 ## - LOCAL NOTE (RLIN)
Local note niveau_biblio:m niveau_hierar:0
700 1# - ADDED ENTRY--PERSONAL NAME
Personal name Cimoli, Mario
700 1# - ADDED ENTRY--PERSONAL NAME
Personal name Lavarello, Pablo José
856 41 - ELECTRONIC LOCATION AND ACCESS
Uniform Resource Identifier <a href="https://www.biblioeco.unsa.edu.ar/pmb/images/libros/L127079.jpg">https://www.biblioeco.unsa.edu.ar/pmb/images/libros/L127079.jpg</a>
Link text Imagen de portada
Electronic format type image/jpeg
942 ## - ADDED ENTRY ELEMENTS (KOHA)
Koha item type
Existencias
Withdrawn status Lost status Damaged status Not for loan Home library Current library Shelving location Date acquired Total checkouts Full call number Barcode Date last seen Price effective from Koha item type
        Biblioteca Prof. Eusebio Cleto del Rey Biblioteca Prof. Eusebio Cleto del Rey   07/04/2026   338.45 A139 L127079 07/04/2026 07/04/2026 Libro